00329nam a2200121 a 450000500170000000800410001705000190005824500200007726000590009730000110015644000210016765000190018820140513081048.0020906s19uu xx 00 eng d aP 513.213 2001 aMultiplication. aQuezon City, Philippines :bMabuhay Boardgames,c2001. aPoster aTeacher's Choice aMultiplication